Normal view MARC view
  • Asia-Pacific Conference on Sustainable Energy and Environmental Technology

Entry Meeting Name

Number of records used in: 3

001 - CONTROL NUMBER

  • control field: 7239

003 - CONTROL NUMBER IDENTIFIER

  • control field: NUST

005 - DATE AND TIME OF LATEST TRANSACTION

  • control field: 20171214093314.0

008 - FIXED-LENGTH DATA ELEMENTS

  • fixed length control field: 171214|| aca||aabn | a|a d

040 ## - CATALOGING SOURCE

  • Original cataloging agency: NUST
  • Transcribing agency: NUST

111 ## - HEADING--MEETING NAME

  • Meeting name or jurisdiction name as entry element: Asia-Pacific Conference on Sustainable Energy and Environmental Technology
  • Date of meeting: (1996 :
  • Location of meeting: Singapore)

670 ## - SOURCE DATA FOUND

  • Source citation: Work cat.: (NUST)0: Asia-Pacific Conference on Sustainable Energy and Environmental Technology (1996 : Singapore), Proceedings of the Asia-Pacific Conference on Sustainable Energy and Environmental Technology, 19-21 June 1996, Singapore /, c1996.
© 2023 Central Library, National University of Sciences and Technology. All Rights Reserved.